Effectif du FC Metz en 2021 - Statistiques

Statistiques générales
  • Ce quiz a été pris 202 fois
  • Le résultat moyen est 14 sur 30
Statistiques - réponses
Réponse % Correct
Alexandre Oukidja
93%
Ibrahima Nian
83%
Fabien Centonze
81%
Frédéric Antonetti
78%
Thomas Delaine
77%
Farid Boulaya
74%
Marc-Aurèle Caillard
74%
Dylan Bronn
71%
Boubakar Kouyaté
64%
Pape Matar Sarr
62%
Opa Nguette
60%
Matthieu Udol
58%
Vincent Pajot
58%
Ousmane Ba
57%
Habib Maïga
55%
Kévin N'Doram
50%
Boubacar Traoré
49%
John Boye
43%
Lamine Gueye
43%
Pape Ndiaga Yade
38%
José Dias Goncalves Vagner
31%
Lenny Lacroix
29%
Aaron Leya Iseka
25%
Manuel Cabit
19%
Victorien Angban
19%
Youssef Maziz
17%
Thierry Ambrose
16%
Mamadou Fofana
13%
Warren Tchimbembe
6%
Ernest Boahene
5%
Aucun quiz correspondant
Distribution des résultats
% des personnes avec chaque résultat
Percentile par nombre de réponses
Votre historique - résultats
Vous n’avez pas pris ce quiz